|
|
|
|
| LEADER |
00000nab a2200000 a 4500 |
| 001 |
vtls000817542 |
| 003 |
SK-MaSNL |
| 005 |
20260304120720.0 |
| 008 |
250429c2002 xo 0 slo |
| 015 |
|
|
|a SNBRB2002/12-39784
|
| 035 |
|
|
|a CLN000169197
|
| 035 |
|
|
|a urn:nbn:sk:snk-ab6o1t
|
| 035 |
|
|
|a (uuid)aa38bf16-7f5e-420b-bf37-6d1635aadc2e
|
| 035 |
|
|
|a (urnnbn)urn:nbn:sk:snk:ar-005o3g
|
| 035 |
|
|
|a (sysno)vtls000817542
|
| 040 |
|
|
|a SNKBUCL
|b slo
|c SNKBUCL
|e AACR2
|
| 041 |
0 |
|
|a slo
|
| 044 |
|
|
|a xo
|c SK
|
| 080 |
|
|
|a 621.791-051
|2 1997
|
| 080 |
|
|
|a 37-051
|2 1997
|
| 080 |
|
|
|a 929 Benko, Bernard
|2 1997
|
| 100 |
1 |
|
|a -MK-
|4 aut
|9 841803
|
| 245 |
1 |
0 |
|a Činorodý čerstvý sedemdesiatnik prof. Ing. Bernard Benko, PhD., EWE
|c [autor] -mk-
|
| 300 |
|
|
|b Fotogr.
|
| 600 |
1 |
7 |
|a Benko, Bernard,
|d 1932-
|2 snkbucl
|9 24181
|
| 655 |
|
7 |
|a články z novín a časopisov
|2 snkbucl
|9 267496
|
| 773 |
0 |
|
|t Zváranie
|g Roč. 51, č. 9-10 (2002), s. 223
|x 0044-5525
|
| 850 |
|
|
|a Slovenská národná knižnica
|
| 852 |
|
|
|a Slovenská národná knižnica
|
| 954 |
|
|
|a odborná, vedecká literatúra pôvodná (slovenská)
|2 lita
|
| 958 |
|
|
|a article
|
| 958 |
|
|
|a OND
|
| 958 |
|
|
|a SK
|
| 958 |
|
|
|a BX
|
| 958 |
|
|
|a EUIPO
|
| 992 |
|
|
|a RBX
|
| 999 |
|
|
|c 2881158
|d 2883088
|